000 00444nam a2200181Ia 4500
005 20240823012940.0
008 240823s9999||||xx |||||||||||||| ||und||
041 _aENGLISH
082 _A005.73 N2
100 _a"Tenenbaum,Aaron M [etal]"
245 0 _aData Structures using C
250 _a1st
260 _c1992
_b"PHI,New Delhi"
500 _aYES
650 _aData Structure
_bInformation Technology
942 _cBK
999 _c165849
_d165849